书目信息 |
| 书名: | The International encyclopedia of education | |
| 作者: | editors-in-chief, Torsten Husen, T. Neville Postlethwaite. | |
| 分册号: | ||
| 分册名: | Preface A-B / | 出版地: | Oxford : |
|
| 出版社: | Pergamon Press | |
| 出版时间: | 1985. | |
| 页数: | xxvi, 621 p. | |
| 开本: | ||
| 丛书名: | ||
| 中图分类号: | ||
| 科图分类号: | ||
| 其他分类号: | G51-61 | |
| 主题词: | ||
| 电子资源: | ||
| 000 | 00619nam 22000193i 450 | |
| 001 | 0299134809 | |
| 005 | 20070302141608.28 | |
| 008 | 990903m1985 u y a 000 0 | |
| 041 | @aeng | |
| 090 | @aG4-61 | |
| 090 | @aG51-61 | |
| 099 | @dG51-61@ex3:1(A-B) | |
| 100 | 1 | @aHusen@cTorsten. |
| 245 | 10 | @aThe International encyclopedia of education.@nV.1,@pPreface A-B / @ceditors-in-chief, Torsten Husen, T. Neville Postlethwaite. |
| 260 | 1 | @aOxford :@bPergamon Press,@c1985. |
| 300 | @axxvi, 621 p. | |
| 650 | 4 | @aEducation@xResearch@xDictionaries. |
| 650 | 4 | @aEducations@xDictionaries. |
| 700 | 1 | @aPostlethwaite@cNeville |
| The International encyclopedia of education.. V.1,. Preface A-B / / editors-in-chief, Torsten Husen, T. Neville Postlethwaite.-Oxford : : Pergamon Press, , 1985. |
| xxvi, 621 p. |
| ISBN |
| ● |
| 相关链接 |
|
|
|
|
正题名:The International encyclopedia of education
索取号:G51-61/x3:1(A-B)
 
预约/预借
| 序号 | 登录号 | 条形码 | 馆藏地/架位号 | 状态 | 备注 |
| 1 | 182555 | 001075641 | 第二样本阅览室/ [索取号:G51-61/x3:1(A-B)] | 在馆 | |
| 2 | 182556 | 001075598 | 第四借阅区/ [索取号:G51-61/x3:1(A-B)] | 在馆 | |
| 3 | 182557 | 001171831 | 第四借阅区/ [索取号:G51-61/x3:1(A-B)] | 在馆 | |
| 4 | 182563 | 001172233 | 第四借阅区/ [索取号:G51-61/x3:1(A-B)] | 在馆 | |
| 5 | 182565 | 001075678 | 第四借阅区/ [索取号:G51-61/x3:1(A-B)] | 在馆 | |
| 6 | 182566 | 001076873 | 第四借阅区/ [索取号:G51-61/x3:1(A-B)] | 在馆 | |
| 7 | 182572 | 001171760 | 第四借阅区/ [索取号:G51-61/x3:1(A-B)] | 在馆 |